| 000 | 01244nam2a22002651 4500 | ||
|---|---|---|---|
| 001 | v19\rc\1720037 | ||
| 005 | 20250619040544.0 | ||
| 035 | _a(NLR Aleph) 004817933 | ||
| 090 |
_a4990632 _c4990632 |
||
| 100 | _a20061002d1915 |||y0rusy50 ca | ||
| 101 | 0 | _arus | |
| 102 | _aRU | ||
| 105 | _ay z ||||| | ||
| 200 | 0 |
_a... с 1-го января по 31-го декабря 1914 года _eЗа 15-й операционный год |
|
| 210 |
_d[1915] _aБ. м. |
||
| 215 | _a[15] с. | ||
| 461 | 0 |
_1001v19\rc\1720032 _12001#$aОтчет акционерного общества Электрическая сила...$v... с 1-го января по 31-го декабря 1914 года _94990589 _a"Электрическая сила", акционерное общество (Петербург) _c[Санкт-Петербург] _d[1900]-[1915] _tОтчет акционерного общества Электрическая сила... _v... с 1-го января по 31-го декабря 1914 года |
|
| 801 | 0 |
_aRU _bNLR _gpsbo |
|
| 801 | 0 |
_aRU _bRuMoRGB _2psbo |
|
| 801 | 1 |
_aRU _bProSoft-M _2rusmarc |
|
| 852 |
_aNLR _j17.160.6.52 |
||
| 852 |
_aNLR _j20.67.3.166 |
||
| 899 |
_aRuMoRGB (1899-1914*) _jS 40/86 |
||
| 942 | _cBOOK | ||
| 980 | _aNB | ||